00602pab a2200193 454500008004000000100001700040245008400057260000900141300001300150362001100163650002200174650001400196700002600210773003400236908000600270909001000276999001700286952010500303180718b2012 xxu||||| |||| 00| 0 eng d aSanjay Kumar aDistrict - level estimates of fertility and implied sex ratio at birth in India c2012 ap.66-72. a18 Aug aFertility - India aFertility aSathyanarayana, K .M. aEconomic and Political Weekly aN a97098 c97098d97098 00104070aIIPAbIIPAd2018-07-19hVolume no: 47, Issue no: 33pAR97558r2018-07-19w2018-07-19yAR